|
|
|
|
| LEADER |
01086nam a22003012a 4500 |
| 001 |
000734463 |
| 003 |
CZ BrMZK |
| 005 |
20040913094919.0 |
| 007 |
ta |
| 008 |
040913s1972 xr er|||||||||||cze d |
| 015 |
|
|
|a cnb000436115
|
| 035 |
|
|
|a (OCoLC)42173711
|
| 040 |
|
|
|a ABA001
|c PNA001
|d ABA001
|b cze
|d BOA001
|
| 041 |
0 |
|
|a cze
|a spa
|
| 080 |
|
|
|a 806.0:651.7(075.8)
|2 MRF
|
| 100 |
1 |
|
|a Zděnovcová, Vlasta,
|d 1929-
|7 jk01152311
|4 aut
|
| 245 |
1 |
0 |
|a Španělský obchodní dopis :
|b určeno pro posl. fak. obch.
|n 2. [díl],
|p Obchodní zkratky a slovníček /
|c Vlasta Zděnovcová
|
| 246 |
3 |
0 |
|a Obchodní zkratky a slovníček
|
| 250 |
|
|
|a 1. vyd.
|
| 260 |
|
|
|a Praha :
|b SPN,
|c 1972
|f (SČT 17)
|
| 300 |
|
|
|a 137 s. ;
|c 4°
|
| 500 |
|
|
|a Vyd. Vys škola ekon. v Praze
|
| 500 |
|
|
|a 150 výt.
|
| 710 |
2 |
|
|a Vysoká škola ekonomická v Praze
|7 kn20010709403
|
| 910 |
|
|
|a BOA001
|b PK-N-0014.395,2
|
| 964 |
|
|
|a Korespondence obchodní španělská - texty vysokoškolské
|
| 990 |
|
|
|a BK
|
| 996 |
6 |
|
|b BC-161508
|c PK-N-0014.395,2
|l MZK
|r Sklad / do 1 hodiny
|n 0
|w 000734463
|u 000010
|a 1
|e BOA001
|j MZK50
|s P
|